La Papouasie-Nouvelle-Guinée pour les touristes... - Facile - Statistiques

Statistiques générales
  • Ce quiz a été pris 5 fois
  • Le résultat moyen est 3 sur 21
Statistiques - réponses
Question Indice Réponses Indice facile % Correct
Quelles sont les langues officielles ? Anglais
50%
Avez-vous besoin d'un visa ? (oui/non) oui
50%
Dans la capitale y-a-t-il un décalage horaire avec Paris ? (oui/non) Oui
50%
Achats à faire 2/ Objet fabriqués en argile Poterie EEITPOR
50%
La vitesse est limitée hors agglomération {110} km/h
25%
La religion majoritaire est Catholicisme C
25%
La conduite se fait à droite ou à gauche ? Gauche
25%
Achats à faire 3/ Pour transporter vos courses par exemple Panier RINAPE
25%
Combien d'heures (environ) mettrez-vous pour vous y rendre ? (en chiffres) 18
0%
Comment se nomme la principale compagnie aérienne locale AN Air Niugini IINRUGINAI
0%
Achats à faire 1/ Ca peut faire mal Armes RAMES
0%
Quel est le climat local ? E Equatorial
0%
Quelles sont les principaux lieux touristiques ? NB Ile de {New Britain} BENIRAITNW
0%
Quelle est la monnaie ? Kina K
0%
A quelle région appartient ce pays M Mélanésie
0%
Quelles sont les principaux lieux touristiques ? MH Mount Hagen ENGOUANTHM
0%
Le suffixe internet est pg
0%
Quelles sont les langues officielles ? Pidgin P
0%
Le principal aéroport est à PM Port Moresby BRYPROTOMES
0%
Quelles sont les principaux lieux touristiques ? PM Port Moresby
0%
Quelles sont les principaux lieux touristiques ? W Wewak KEAWW
0%
Aucun quiz correspondant
Distribution des résultats
% des personnes avec chaque résultat
Percentile par nombre de réponses
Votre historique - résultats
Vous n’avez pas pris ce quiz